Normal view
MARC view
Entry Topical Term
001 - CONTROL NUMBER
- control field: 5860
003 - CONTROL NUMBER IDENTIFIER
- control field: OSt
005 - DATE AND TIME OF LATEST TRANSACTION
- control field: 20120106143835.0
008 - FIXED-LENGTH DATA ELEMENTS
- fixed length control field: 120106|||a|||||| | ||| d
040 ## - CATALOGING SOURCE
- Original cataloging agency: OSt
- Transcribing agency: OSt
150 ## - HEADING--TOPICAL TERM
- Topical term or geographic name as entry element: International agencies
- General subdivision: Privileges and immunities.
670 ## - SOURCE DATA FOUND
- Source citation: Work cat.: (OSt): Jenks, C. Wilfred (Clarence Wilfred), 1909-1973. 5859, International immunities., 1961.
